00603cam a2200169 a 4500020002200000040000800022082002600030100002300056245010300079260004900182300003200231500010600263650001400369650001800383650001800401650001400419 a0892817356 (pbk.) cDLC00a613 HEA 1997 C153 Or.1 aSchmid, Ronald F.,10aTraditional foods are your best medicine :bimproving health and longevity with native nutrition / aRochester, Vt. :bHealing Arts Press,cc1997 axv, 270 p. :bill. ;c23 cm aOriginally published in 1987 under the title: Native nutrition : eating according to ancestral wisdom 0aNutrition 0aNatural foods 0aMind and body 0aLongevity